[Event "San Vicente op 8th"]
[Site "San Vicente"]
[Date "2024.03.27"]
[Round "1"]
[White "Perea Fruet, Federico"]
[Black "Adhiban, Baskaran"]
[Result "0-1"]
[WhiteElo "2065"]
[BlackElo "2541"]
[PlyCount "78"]
[EventDate "2024.03.27"]
[EventType "swiss"]
[EventRounds "9"]
[EventCountry "ESP"]
[SourceTitle "CB14_2024"]
[SourceDate "2024.04.01"]
[SourceVersion "1"]
[SourceVersionDate "2024.04.01"]
[SourceQuality "1"]

1. e4 c5 2. Nf3 d6 3. c3 Nf6 4. h3 Bd7 5. Bd3 Nc6 6. Bc2 Rc8 7. 0-0 g6 8. d4 cxd4 9. cxd4 Nb4 10. Nc3 Nxc2 11. Qxc2 Bg7 12. Qb3 0-0 13. Be3 b5 14. Rac1 a5 15. a3 Rb8 16. Qc2 b4 17. axb4 axb4 18. Ne2 b3 19. Qb1 d5 20. Ne5 Nxe4 21. Nxd7 Qxd7 22. Bf4 Rbc8 23. Qd3 Qa4 24. f3 Nd6 25. Be5 Bxe5 26. dxe5 Nf5 27. Rc3 Rxc3 28. Nxc3 Qa7+ 29. Kh2 e6 30. f4 Rc8 31. Qb5 Rb8 32. Qc6 Qe3 33. Qc7 Rf8 34. Qb7 Qd2 35. Qxb3 Nh4 36. Rg1 Nf3+ 37. Kh1 Nxg1 38. Kxg1 Qxf4 39. Nb5 Qxe5 0-1

[Event "Wch Blitz"]
[Site "Samarkand"]
[Date "2023.12.30"]
[Round "12"]
[White "Adhiban, Baskaran"]
[Black "Smirnov, Anton"]
[Result "1/2-1/2"]
[WhiteElo "2541"]
[BlackElo "2586"]
[PlyCount "130"]
[EventDate "2023.12.29"]
[EventType "swiss (blitz)"]
[EventRounds "21"]
[EventCountry "UZB"]
[SourceTitle "CB01_2024"]
[SourceDate "2024.01.03"]
[SourceVersion "1"]
[SourceVersionDate "2024.01.03"]
[SourceQuality "1"]

1. e4 e5 2. Nf3 Nf6 3. d4 Nxe4 4. dxe5 d5 5. Nbd2 Be7 6. Nxe4 dxe4 7. Qxd8+ Bxd8 8. Nd4 0-0 9. Bf4 Re8 10. 0-0-0 Nd7 11. e6 fxe6 12. Nb5 e5 13. Be3 Nf6 14. Rxd8 Rxd8 15. Nxc7 Bd7 16. Bc4+ Kh8 17. Nxa8 Rxa8 18. Rd1 Bc6 19. h3 h6 20. g4 a6 21. b3 Nh7 22. h4 Nf6 23. g5 Ng4 24. g6 h5 25. a4 b5 26. axb5 axb5 27. Bf7 Ra1+ 28. Kd2 Rxd1+ 29. Kxd1 Nh2 30. Bg5 Nf3 31. Be7 Nd4 32. Kd2 Nf3+ 33. Kc3 Nd4 34. Kd2 Nf3+ 35. Kc1 Nd4 36. Kb2 Nf5 37. Bg5 Nd4 38. Kc3 Nf3 39. Be7 Nd4 40. Bd8 Bd7 41. Kd2 Bc6 42. c3 Nf3+ 43. Ke3 Ne1 44. c4 bxc4 45. bxc4 Nf3 46. Bd5 Be8 47. Bxe4 Nh2 48. c5 Ng4+ 49. Ke2 Bb5+ 50. Ke1 Bd7 51. c6 Bc8 52. Be7 Nf6 53. Bxf6 gxf6 54. Bf3 Kg7 55. Bxh5 Kh6 56. Kd2 f5 57. Kc3 f4 58. c7 e4 59. Kd4 Bb7 60. Bg4 Kxg6 61. c8Q Bxc8 62. Bxc8 e3 63. fxe3 fxe3 64. Bg4 Kg7 65. Kxe3 Kh8 1/2-1/2

[Event "Wch Blitz"]
[Site "Samarkand"]
[Date "2023.12.29"]
[Round "2"]
[White "Adhiban, Baskaran"]
[Black "Zverev, Lev"]
[Result "1-0"]
[WhiteElo "2541"]
[BlackElo "2343"]
[PlyCount "123"]
[EventDate "2023.12.29"]
[EventType "swiss (blitz)"]
[EventRounds "21"]
[EventCountry "UZB"]
[SourceTitle "CB01_2024"]
[SourceDate "2024.01.03"]
[SourceVersion "1"]
[SourceVersionDate "2024.01.03"]
[SourceQuality "1"]

1. b3 d5 2. Nf3 Nf6 3. Bb2 Bf5 4. Nh4 Bg4 5. h3 Bh5 6. g4 Bg6 7. Nxg6 hxg6 8. Bg2 e6 9. e3 Bd6 10. d3 Nbd7 11. Nd2 Qe7 12. a3 0-0-0 13. Qe2 c6 14. c4 Kb8 15. b4 g5 16. d4 e5 17. c5 Bc7 18. Nf3 exd4 19. exd4 Ne4 20. 0-0-0 Rhe8 21. Rhe1 Qf6 22. Qc2 Qg6 23. Kb1 f5 24. Ne5 Nxe5 25. dxe5 fxg4 26. hxg4 Qf7 27. Bxe4 dxe4 28. Qxe4 Rxd1+ 29. Rxd1 Qb3 30. Qd3 Qe6 31. Qd7 Qxd7 32. Rxd7 Bxe5 33. Bxe5+ Rxe5 34. Rxg7 a5 35. f3 axb4 36. axb4 Re3 37. Rxg5 Rxf3 38. Kc2 Ka7 39. Rg7 Ka6 40. g5 Rg3 41. g6 Rg4 42. Kc3 Rg3+ 43. Kc4 Rg4+ 44. Kb3 Rg1 45. Kc3 Rg4 46. Kb3 Rg1 47. Kc4 Rg4+ 48. Kc3 Rg3+ 49. Kd4 Rg4+ 50. Ke5 Rxb4 51. Rf7 Rg4 52. g7 Kb5 53. Kf5 Rg1 54. Rxb7+ Kxc5 55. Kf6 Kd4 56. Rd7+ Kc4 57. Rd8 c5 58. g8Q+ Rxg8 59. Rxg8 Kd4 60. Rg4+ Kd3 61. Ke5 c4 62. Rg3+ 1-0

[Event "Wch Rapid"]
[Site "Samarkand"]
[Date "2023.12.26"]
[Round "2"]
[White "Adhiban, Baskaran"]
[Black "Ohanyan, Emin"]
[Result "1/2-1/2"]
[WhiteElo "2541"]
[BlackElo "2456"]
[PlyCount "199"]
[EventDate "2023.12.26"]
[EventType "swiss (rapid)"]
[EventRounds "13"]
[EventCountry "UZB"]
[SourceTitle "CB01_2024"]
[SourceDate "2024.01.03"]
[SourceVersion "1"]
[SourceVersionDate "2024.01.03"]
[SourceQuality "1"]

1. c4 e5 2. g3 Nf6 3. Bg2 Bc5 4. d3 0-0 5. Nf3 Nc6 6. 0-0 d6 7. Bg5 h6 8. Bxf6 Qxf6 9. Nc3 Bb6 10. Rb1 Nd4 11. e3 Nxf3+ 12. Qxf3 Qxf3 13. Bxf3 c6 14. b4 Be6 15. b5 Rac8 16. Na4 Bd8 17. bxc6 bxc6 18. Rb7 a5 19. Rfb1 f5 20. Rb8 Bf6 21. Rxc8 Rxc8 22. Rb7 d5 23. Nc5 Bf7 24. Nd7 e4 25. dxe4 dxe4 26. Nxf6+ gxf6 27. Be2 Rd8 28. Rb2 Kf8 29. Kf1 Ke7 30. a3 Kd6 31. Rb7 Rd7 32. c5+ Ke7 33. Rxd7+ Kxd7 34. Ke1 Ba2 35. Ba6 Ke6 36. Bc8+ Kd5 37. Bxf5 Bb1 38. Kd2 Kxc5 39. Kc3 Kd5 40. f4 Bd3 41. h4 Bf1 42. Bc8 Bg2 43. Ba6 Bf3 44. Bc4+ Kc5 45. Bf7 Bg4 46. Bg6 Kd5 47. Bh7 Bf3 48. Bf5 Bg2 49. Kb3 Kc5 50. h5 Kb5 51. g4 Bh3 52. Be6 Kc5 53. Kc3 Kd6 54. Bf5 Kd5 55. Bc8 Kc5 56. Bd7 Kd6 57. Bf5 Kd5 58. Kb3 Kc5 59. Bc8 Kb5 60. Kc3 Kc5 61. Kc2 Kb5 62. Bd7 Kc4 63. Bf5 Kb5 64. Kc3 Kc5 65. Bd7 Kd6 66. Bc8 Kc5 67. Kd2 Kd6 68. Kc3 Kc5 69. Bd7 Kd6 70. Bf5 Kd5 71. Kd2 Kc4 72. Be6+ Kc5 73. Ke2 Kd6 74. Bf5 Kd5 75. Kd2 Kd6 76. Kc3 Kc5 77. Bxe4 Bxg4 78. Bg6 Be6 79. e4 Kd6 80. Kd4 c5+ 81. Kc3 Ba2 82. Bf5 Bf7 83. Bg4 Kc6 84. Be2 Kd6 85. Bd1 Be6 86. Bf3 Bf7 87. Bg4 Kc6 88. Be2 Be8 89. Bf3 Kd6 90. Kc4 Bd7 91. Bd1 Be8 92. e5+ fxe5 93. fxe5+ Kxe5 94. Kxc5 Kf4 95. Kb6 a4 96. Ka5 Kg5 97. Bxa4 Bxh5 98. Kb6 Bf3 99. Be8 h5 100. Bxh5 1/2-1/2

[Event "FIDE Grand Swiss"]
[Site "Douglas"]
[Date "2023.11.01"]
[Round "7"]
[White "Warmerdam, Max"]
[Black "Adhiban, Baskaran"]
[Result "1-0"]
[WhiteElo "2636"]
[BlackElo "2551"]
[PlyCount "125"]
[EventDate "2023.10.25"]
[EventType "swiss"]
[EventRounds "11"]
[EventCountry "IOM"]
[SourceTitle "Mega2024 Update 01"]
[Source "Chessbase"]
[SourceDate "2023.11.12"]
[SourceVersion "1"]
[SourceVersionDate "2023.11.12"]
[SourceQuality "1"]

1. d4 Nf6 2. c4 g6 3. g3 c6 4. Bg2 d5 5. Nf3 Bg7 6. 0-0 dxc4 7. Nc3 0-0 8. e4 b5 9. Qe2 a5 10. Rd1 Nbd7 11. d5 cxd5 12. e5 b4 13. exf6 Nxf6 14. Na4 e6 15. Be3 Bd7 16. Nc5 Rc8 17. Bd4 Qe7 18. Nxd7 Qxd7 19. Ne5 Qc7 20. a3 b3 21. a4 Nd7 22. f4 Rfe8 23. Kh1 Nxe5 24. fxe5 Bf8 25. h4 Bc5 26. Rac1 Bxd4 27. Rxd4 Qb6 28. Qd2 Qb4 29. Qh6 Qf8 30. Qe3 Rc7 31. h5 Qb4 32. Bh3 Qxa4 33. Qh6 Qb4 34. hxg6 fxg6 35. Rf1 Rg7 36. Rdf4 Qb8 37. Rf6 Qc8 38. Qf4 Rge7 39. Qh6 Rg7 40. Kh2 a4 41. Qf4 Rge7 42. Rf7 a3 43. Qf6 Rxf7 44. Qxf7+ Kh8 45. Rf4 Rf8 46. Qe7 Rxf4 47. gxf4 axb2 48. Qf6+ Kg8 49. Bxe6+ Qxe6 50. Qxe6+ Kg7 51. Qf6+ Kh6 52. Qh4+ Kg7 53. Qe1 Kf7 54. Qb1 c3 55. f5 c2 56. Qxb2 gxf5 57. Kg3 Kg6 58. Kf4 d4 59. e6 d3 60. e7 Kf7 61. Qxb3+ Kxe7 62. Qa3+ Ke6 63. Ke3 1-0

[Event "FIDE Grand Swiss"]
[Site "Douglas"]
[Date "2023.10.29"]
[Round "5"]
[White "Wu, Li"]
[Black "Adhiban, Baskaran"]
[Result "0-1"]
[WhiteElo "2303"]
[BlackElo "2551"]
[PlyCount "62"]
[EventDate "2023.10.25"]
[EventType "swiss"]
[EventRounds "11"]
[EventCountry "IOM"]
[SourceTitle "Mega2024 Update 01"]
[Source "Chessbase"]
[SourceDate "2023.11.12"]
[SourceVersion "1"]
[SourceVersionDate "2023.11.12"]
[SourceQuality "1"]

1. d4 e6 2. c4 b6 3. e4 Bb7 4. Bd3 Nc6 5. Nf3 Nb4 6. Nc3 Nxd3+ 7. Qxd3 Bb4 8. d5 Ne7 9. Bd2 0-0 10. a3 Bxc3 11. Bxc3 d6 12. dxe6 Ng6 13. exf7+ Rxf7 14. 0-0-0 Nf4 15. Qc2 Qe7 16. e5 Nxg2 17. exd6 cxd6 18. Nd4 Raf8 19. Rhg1 Rxf2 20. Qd3 Be4 21. Qg3 h5 22. Rd2 Rf1+ 23. Rxf1 Rxf1+ 24. Rd1 Qf7 25. Ne6 Rf2 26. Rd2 Rf1+ 27. Rd1 Rf2 28. Rd2 Rf3 29. Qxg7+ Qxg7 30. Bxg7 Rf1+ 31. Rd1 Rxd1+ 0-1

[Event "Qatar Masters op"]
[Site "Doha"]
[Date "2023.10.19"]
[Round "8"]
[White "Adhiban, Baskaran"]
[Black "Ashraf, Artin"]
[Result "1/2-1/2"]
[WhiteElo "2551"]
[BlackElo "2340"]
[PlyCount "62"]
[EventDate "2023.10.11"]
[EventType "swiss"]
[EventRounds "9"]
[EventCountry "QAT"]
[SourceTitle "Mega2024 Update 01"]
[Source "Chessbase"]
[SourceDate "2023.11.12"]
[SourceVersion "1"]
[SourceVersionDate "2023.11.12"]
[SourceQuality "1"]

1. e4 c5 2. Nf3 d6 3. d4 cxd4 4. Nxd4 Nf6 5. Nc3 a6 6. Be3 Ng4 7. Bg5 h6 8. Bh4 g5 9. Bg3 Bg7 10. Qd2 Nc6 11. Nb3 b5 12. 0-0-0 Nge5 13. Nd4 Nxd4 14. Qxd4 0-0 15. h4 Bg4 16. hxg5 Nc4 17. e5 Bxd1 18. Bxc4 dxe5 19. Qe3 Bxc2 20. gxh6 Bf6 21. Bxf7+ Rxf7 22. Kxc2 Qd4 23. Qe4 Qxe4+ 24. Nxe4 Kh7 25. Kd3 Kg6 26. Rc1 Rff8 27. Rc6 Rfd8+ 28. Ke3 Rdc8 29. Rb6 Rcb8 30. Rc6 Rc8 31. Rb6 Rcb8 1/2-1/2

[Event "Qatar Masters op"]
[Site "Doha"]
[Date "2023.10.15"]
[Round "5"]
[White "Yakubboev, Nodirbek"]
[Black "Adhiban, Baskaran"]
[Result "1-0"]
[WhiteElo "2616"]
[BlackElo "2551"]
[PlyCount "69"]
[EventDate "2023.10.11"]
[EventType "swiss"]
[EventRounds "9"]
[EventCountry "QAT"]
[SourceTitle "Mega2024 Update 01"]
[Source "Chessbase"]
[SourceDate "2023.11.12"]
[SourceVersion "1"]
[SourceVersionDate "2023.11.12"]
[SourceQuality "1"]

1. d4 Nf6 2. Nf3 e6 3. c4 d5 4. Nc3 dxc4 5. e4 b5 6. e5 Nd5 7. Nxb5 Nb6 8. Be2 Be7 9. 0-0 Nc6 10. Be3 Rb8 11. Nc3 0-0 12. a3 Bb7 13. Qc2 Na5 14. Rad1 h6 15. Nd2 Qd7 16. Nde4 Nd5 17. Bd2 Rfd8 18. Na4 Nb3 19. Qxc4 Nxd4 20. Qxd4 Nf4 21. Nf6+ Bxf6 22. Qxf4 Bg5 23. Qc4 Bxd2 24. Nc5 Qc8 25. h4 Ba5 26. Rxd8+ Qxd8 27. Nxb7 Rxb7 28. Rd1 Qe7 29. Qa6 Rxb2 30. Qc8+ Kh7 31. Bd3+ g6 32. Bxg6+ Kxg6 33. Qg8+ Kf5 34. Qh7+ Kxe5 35. Qg7+ 1-0

[Event "Qatar Masters op"]
[Site "Doha"]
[Date "2023.10.13"]
[Round "3"]
[White "Rakesh, Kumar Jena"]
[Black "Adhiban, Baskaran"]
[Result "1/2-1/2"]
[WhiteElo "2312"]
[BlackElo "2551"]
[PlyCount "68"]
[EventDate "2023.10.11"]
[EventType "swiss"]
[EventRounds "9"]
[EventCountry "QAT"]
[SourceTitle "Mega2024 Update 01"]
[Source "Chessbase"]
[SourceDate "2023.11.12"]
[SourceVersion "1"]
[SourceVersionDate "2023.11.12"]
[SourceQuality "1"]

1. d4 d5 2. Bf4 c5 3. e3 Nc6 4. c3 Qb6 5. Qb3 c4 6. Qc2 e5 7. dxe5 Bf5 8. Qc1 g5 9. Bg3 h5 10. h3 Bg7 11. Nf3 g4 12. hxg4 hxg4 13. Rxh8 Bxh8 14. Nd4 Nge7 15. Na3 Bxe5 16. Bxe5 Nxe5 17. Nxf5 Nxf5 18. Qc2 Ne7 19. 0-0-0 0-0-0 20. e4 dxe4 21. Rxd8+ Kxd8 22. Nxc4 Nxc4 23. Bxc4 f5 24. Qd2+ Kc7 25. g3 Qd6 26. Qe3 Nc6 27. Bb5 a6 28. Bxc6 Kxc6 29. a4 a5 30. Qg5 Qc5 31. Qf6+ Kc7 32. Qg7+ Kc6 33. Qf6+ Kc7 34. Qg7+ Kc6 1/2-1/2

[Event "Tsaghkadzor op"]
[Site "Tsaghkadzor"]
[Date "2023.09.23"]
[Round "5"]
[White "Usov, Aleksandr E"]
[Black "Adhiban, Baskaran"]
[Result "1-0"]
[WhiteElo "2252"]
[BlackElo "2562"]
[PlyCount "52"]
[EventDate "2023.09.20"]
[EventType "swiss"]
[EventRounds "9"]
[EventCountry "ARM"]
[SourceTitle "EXT 2024"]
[Source "ChessBase"]
[SourceDate "2023.10.10"]
[SourceVersion "1"]
[SourceVersionDate "2023.10.10"]
[SourceQuality "1"]

1. e4 e5 2. Nf3 Nc6 3. d4 exd4 4. Nxd4 Nf6 5. Nxc6 bxc6 6. Bd3 Bb4+ 7. c3 Be7 8. e5 Nd5 9. Qg4 g6 10. Bh6 Rb8 11. Nd2 Bf8 12. Bxf8 Kxf8 13. Qd4 Rxb2 14. c4 Rxd2 15. cxd5 Qg5 16. e6 Rg8 17. Qb4+ c5 18. Qxc5+ d6 19. Qxc7 Rxf2 20. Qxc8+ Kg7 21. Qc3+ Rf6 22. Rf1 fxe6 23. Qxf6+ Qxf6 24. Rxf6 Kxf6 25. dxe6 Kxe6 26. Kd2 Kd5 1-0

[Event "Titled Tuesday intern op 12th Sep Early"]
[Site "Chess.com INT"]
[Date "2023.09.12"]
[Round "9"]
[White "Adhiban, Baskaran"]
[Black "Duda, Jan Krzysztof"]
[Result "0-1"]
[WhiteElo "2562"]
[BlackElo "2726"]
[PlyCount "70"]
[EventDate "2023.09.12"]
[EventType "swiss (blitz)"]
[EventRounds "11"]
[EventCountry "USA"]
[SourceTitle "EXT 2024"]
[Source "ChessBase"]
[SourceDate "2023.10.10"]
[SourceVersion "1"]
[SourceVersionDate "2023.10.10"]
[SourceQuality "1"]

1. b3 d5 2. Bb2 c5 3. e3 Nc6 4. Nf3 a6 5. d4 cxd4 6. Nxd4 Nf6 7. Nd2 Bd7 8. Bd3 e6 9. 0-0 Be7 10. f4 Nb4 11. Be2 Rc8 12. a3 Nc6 13. N2f3 Nxd4 14. Bxd4 0-0 15. Bd3 Bb5 16. Bxb5 axb5 17. Qd3 Qa5 18. Nd2 Rc6 19. a4 b4 20. Rac1 Rfc8 21. Rf3 Qc7 22. Be5 Qd8 23. Rh3 g6 24. Nf3 Ne4 25. Nd4 Rc3 26. Qb5 b6 27. Qe2 Qd7 28. Qg4 f6 29. Nxe6 Rxc2 30. Rxc2 Rxc2 31. Qd1 Qc8 32. Nc7 Rc5 33. Nxd5 Rc1 34. Nxe7+ Kf8 35. Nxg6+ Ke8 0-1

[Event "Titled Tuesday intern op 12th Sep Early"]
[Site "Chess.com INT"]
[Date "2023.09.12"]
[Round "4"]
[White "Adhiban, Baskaran"]
[Black "Korchmar, Vasiliy"]
[Result "1-0"]
[WhiteElo "2562"]
[BlackElo "2438"]
[PlyCount "63"]
[EventDate "2023.09.12"]
[EventType "swiss (blitz)"]
[EventRounds "11"]
[EventCountry "USA"]
[SourceTitle "EXT 2024"]
[Source "ChessBase"]
[SourceDate "2023.10.10"]
[SourceVersion "1"]
[SourceVersionDate "2023.10.10"]
[SourceQuality "1"]

1. b3 d5 2. Bb2 Nf6 3. Nf3 Bg4 4. e3 e6 5. h3 Bh5 6. d3 Nbd7 7. Nbd2 a5 8. a3 Bd6 9. g4 Bg6 10. g5 Nh5 11. Be2 h6 12. Rg1 Qe7 13. Nh4 hxg5 14. Nxg6 fxg6 15. Nf3 0-0-0 16. Qd2 a4 17. b4 Rdf8 18. Nxg5 Nf4 19. 0-0-0 Nxh3 20. Nxh3 Rxh3 21. Rxg6 Rxf2 22. Rxg7 Qh4 23. Rg8+ Nf8 24. Rh8 Qg3 25. Rxh3 Qxh3 26. Kb1 b6 27. d4 Kb8 28. Qd3 Qg2 29. Bh5 Nd7 30. Be8 Nf6 31. Bc6 Ka7 32. Qb5 1-0

[Event "Titled Tuesday intern op 12th Sep Early"]
[Site "Chess.com INT"]
[Date "2023.09.12"]
[Round "6"]
[White "Adhiban, Baskaran"]
[Black "Samunenkov, Igor"]
[Result "1-0"]
[WhiteElo "2562"]
[BlackElo "2517"]
[PlyCount "85"]
[EventDate "2023.09.12"]
[EventType "swiss (blitz)"]
[EventRounds "11"]
[EventCountry "USA"]
[SourceTitle "EXT 2024"]
[Source "ChessBase"]
[SourceDate "2023.10.10"]
[SourceVersion "1"]
[SourceVersionDate "2023.10.10"]
[SourceQuality "1"]

1. b3 c5 2. Bb2 Nc6 3. c4 e5 4. Nf3 d6 5. g3 g6 6. Bg2 Bg7 7. d3 Nge7 8. Nc3 0-0 9. 0-0 Rb8 10. a3 a5 11. e3 h6 12. Nd2 Be6 13. Nd5 b5 14. Qc2 Kh8 15. f4 f5 16. Rae1 Qd7 17. Nxe7 Nxe7 18. fxe5 dxe5 19. Nf3 Qd6 20. Bc3 bxc4 21. bxc4 Nc6 22. Nh4 Kh7 23. Rb1 Rfd8 24. Rxb8 Nxb8 25. Rd1 e4 26. Bxg7 Kxg7 27. d4 g5 28. Qb2 Kh7 29. d5 gxh4 30. Qf6 Bc8 31. Qf7+ Kh8 32. Rb1 hxg3 33. Rxb8 gxh2+ 34. Kh1 Rf8 35. Qa7 Rg8 36. Rb6 Qf8 37. Qc7 Rg7 38. Rxh6+ Kg8 39. Qxh2 Qe7 40. Rh8+ Kf7 41. Qh5+ Kf6 42. Rh6+ Ke5 43. Qh2+ 1-0

[Event "Titled Tuesday intern op 12th Sep Early"]
[Site "Chess.com INT"]
[Date "2023.09.12"]
[Round "11"]
[White "Andreikin, Dmitry"]
[Black "Adhiban, Baskaran"]
[Result "1-0"]
[WhiteElo "2729"]
[BlackElo "2562"]
[PlyCount "87"]
[EventDate "2023.09.12"]
[EventType "swiss (blitz)"]
[EventRounds "11"]
[EventCountry "USA"]
[SourceTitle "EXT 2024"]
[Source "ChessBase"]
[SourceDate "2023.10.10"]
[SourceVersion "1"]
[SourceVersionDate "2023.10.10"]
[SourceQuality "1"]

1. d4 e6 2. Nf3 Nf6 3. c4 b6 4. g3 Ba6 5. Nbd2 d5 6. cxd5 exd5 7. Bg2 Bd6 8. 0-0 0-0 9. Ne5 Qe8 10. Ndf3 Nbd7 11. Bf4 Ne4 12. Rc1 Ndf6 13. Re1 c5 14. e3 c4 15. h3 Bb4 16. Re2 c3 17. bxc3 Nxc3 18. Rxc3 Bxe2 19. Qxe2 Bxc3 20. Nh4 Rc8 21. Nf5 Qe6 22. g4 Rfe8 23. h4 Ne4 24. Bh3 f6 25. Nd3 g6 26. Nh6+ Kg7 27. Kg2 Nd2 28. g5 f5 29. Be5+ Kf8 30. Nf4 Qc6 31. Nxf5 gxf5 32. Qh5 Re7 33. Bxf5 Qc4 34. Bd3 Qc6 35. Bxh7 Rf7 36. Bg6 Rcc7 37. Qh8+ Ke7 38. Bxf7 Qb5 39. Qf6+ Kd7 40. Qe6+ Kd8 41. Bf6+ Re7 42. Qxe7+ Kc8 43. Be6+ Kb8 44. Qd8+ 1-0

[Event "Titled Tuesday intern op 12th Sep Early"]
[Site "Chess.com INT"]
[Date "2023.09.12"]
[Round "5"]
[White "Rakhmanov, Alexander"]
[Black "Adhiban, Baskaran"]
[Result "1/2-1/2"]
[WhiteElo "2614"]
[BlackElo "2562"]
[PlyCount "165"]
[EventDate "2023.09.12"]
[EventType "swiss (blitz)"]
[EventRounds "11"]
[EventCountry "USA"]
[SourceTitle "EXT 2024"]
[Source "ChessBase"]
[SourceDate "2023.10.10"]
[SourceVersion "1"]
[SourceVersionDate "2023.10.10"]
[SourceQuality "1"]

1. c4 b6 2. Nc3 Bb7 3. d4 e6 4. e3 Nf6 5. Nf3 Bb4 6. Bd2 Bxc3 7. Bxc3 Ne4 8. Rc1 0-0 9. Bd3 d6 10. 0-0 Nxc3 11. Rxc3 Nd7 12. b4 a5 13. a3 axb4 14. axb4 c5 15. bxc5 dxc5 16. Qe2 Qf6 17. Rd1 Rfd8 18. Rcc1 g6 19. h3 Bxf3 20. Qxf3 Qxf3 21. gxf3 cxd4 22. exd4 Nf6 23. c5 Rxd4 24. cxb6 Rb8 25. Rb1 Nd5 26. b7 Nc3 27. Rbc1 Rxd3 28. Rxd3 Ne2+ 29. Kf1 Nxc1 30. Rc3 Rxb7 31. Rxc1 Rb4 32. Kg2 Kg7 33. Rc7 g5 34. Ra7 Kg6 35. Rc7 h5 36. Ra7 Rd4 37. Rc7 Rf4 38. Ra7 Kf6 39. Ra8 h4 40. Rb8 Kg7 41. Ra8 Rd4 42. Ra7 Rd5 43. Ra8 Rf5 44. Ra7 Kf6 45. Ra8 Ke5 46. Ra5+ Kd4 47. Ra4+ Ke5 48. Ra5+ Kf6 49. Ra7 Re5 50. Ra8 Kg6 51. Ra7 f5 52. Ra8 Rd5 53. Rg8+ Kf6 54. Ra8 Rd7 55. Ra5 Rd6 56. Rb5 e5 57. Ra5 Re6 58. Ra8 e4 59. Rf8+ Kg6 60. fxe4 Rxe4 61. Rg8+ Kf6 62. Rf8+ Ke6 63. Rg8 Kf6 64. Rf8+ Kg6 65. Rg8+ Kh6 66. Rh8+ Kg7 67. Ra8 Rd4 68. Ra6 Kf7 69. Ra7+ Kf6 70. Ra6+ Ke5 71. Ra3 Ke4 72. Ra8 Kf4 73. Rh8 Rd2 74. Rh7 Rd3 75. Rh8 Rd2 76. Rh7 Rd8 77. Rh6 Rd7 78. Rh5 Rg7 79. Rh8 Ke4 80. Re8+ Kf4 81. Rh8 Rc7 82. Rh5 Rg7 83. Rh8 1/2-1/2

[Event "Titled Tuesday intern op 29th Aug Early"]
[Site "Chess.com INT"]
[Date "2023.08.29"]
[Round "1"]
[White "Bettalli, Francesco"]
[Black "Adhiban, Baskaran"]
[Result "0-1"]
[WhiteElo "2274"]
[BlackElo "2587"]
[PlyCount "38"]
[EventDate "2023.08.29"]
[EventType "swiss (blitz)"]
[EventRounds "11"]
[EventCountry "USA"]
[SourceTitle "EXT 2024"]
[Source "ChessBase"]
[SourceDate "2023.10.10"]
[SourceVersion "1"]
[SourceVersionDate "2023.10.10"]
[SourceQuality "1"]

1. e4 e5 2. Nf3 Nc6 3. c3 d5 4. Qa4 Bd7 5. exd5 Nd4 6. Qd1 Nxf3+ 7. Qxf3 Bd6 8. Bc4 f5 9. d3 Nf6 10. 0-0 0-0 11. Nd2 b5 12. Bb3 Kh8 13. a4 e4 14. dxe4 fxe4 15. Nxe4 Ng4 16. Qd3 Bxh2+ 17. Kh1 Qh4 18. Qh3 Nxf2+ 19. Nxf2 Bxh3 0-1